Jardiniers de fiction - Statistiques

Statistiques générales
  • Ce quiz a été pris 9 fois
  • Le résultat moyen est 3 sur 13
Statistiques - réponses
Jardinier de fiction Univers % Correct
Sam Gamegie Le Seigneur des Anneaux
71%
Mister Popo Dragon Ball
57%
Willie Les Simpson
57%
John Rowland Desperate Housewives
43%
Bill le Lézard Alice au Pays des Merveilles
14%
Frank Bryce Harry Potter
14%
Amaro Pokémon
14%
Finnian Black Butler
0%
WR600 Detroit Become Human
0%
Rai Mamezuku Jojos' Bizarre Adventure: JoJolion
0%
Brad Carlton Les Feux de l'amour
0%
Fauchelevent Les Misérables
0%
Ascalaphe Percy Jackson
0%
Aucun quiz correspondant
Distribution des résultats
% des personnes avec chaque résultat
Percentile par nombre de réponses
Votre historique - résultats
Vous n’avez pas pris ce quiz